| 000 -LEADER |
| fixed length control field |
01150nam a2200253Ia 4500 |
| 001 - CONTROL NUMBER |
| control field |
267 |
| 003 - CONTROL NUMBER IDENTIFIER |
| control field |
GE_BSU |
| 008 - FIXED-LENGTH DATA ELEMENTS--GENERAL INFORMATION |
| fixed length control field |
181216s||||||||xx |||||||||||||| ||und|| |
| 020 ## - INTERNATIONAL STANDARD BOOK NUMBER |
| International Standard Book Number |
9994043781 |
| 040 ## - CATALOGING SOURCE |
| Transcribing agency |
GE_BSU |
| 080 ## - UNIVERSAL DECIMAL CLASSIFICATION NUMBER |
| Universal Decimal Classification number |
913(479.22) |
| 100 ## - MAIN ENTRY--PERSONAL NAME |
| Personal name |
ბერუჩაშვილი, ნიკო; დავითაშვილი, ზურაბ; ელიზბარაშვილი, ნოდარ |
| 245 ## - TITLE STATEMENT |
| Title |
საქართველოს გეოგრაფია. წ. 1 |
| 245 ## - TITLE STATEMENT |
| Remainder of title |
სოციალურ-ეკონომიკური გეოგრაფია. რეგიონები. IX კლასის სახელმძღვანელო |
| 245 ## - TITLE STATEMENT |
| Statement of responsibility, etc. |
ღუდუშაური მანონ |
| 260 ## - PUBLICATION, DISTRIBUTION, ETC. |
| Place of publication, distribution, etc. |
თბილისი |
| 260 ## - PUBLICATION, DISTRIBUTION, ETC. |
| Name of publisher, distributor, etc. |
საქართველოს მაცნე |
| 260 ## - PUBLICATION, DISTRIBUTION, ETC. |
| Date of publication, distribution, etc. |
2005 |
| 300 ## - PHYSICAL DESCRIPTION |
| Extent |
143 გვ. |
| 653 ## - INDEX TERM--UNCONTROLLED |
| Uncontrolled term |
საქართველოს გეოგრაფია |
| 653 ## - INDEX TERM--UNCONTROLLED |
| Uncontrolled term |
საქართველოს ცოციალურ-ეკონომიკური გეოგრაფია |
| 942 ## - ADDED ENTRY ELEMENTS (KOHA) |
| Koha item type |
წიგნი |